01082 a2200217 4500003000500000005001700005010001600022020003400038040000900072082001500081100002000096245004400116260005100160300002500211505031100236650002600547942002400573999001900597952012400616952012400740Nust20221220111957.0 a 73160629 a0064944522a0064944530 (pbk.) cNust00a320.01,VER1 a Verma.S.L947810aModern political theory / cS. L. Verma aNew York,bBarnes & Noble Booksc[1973, c1970] axxv, 269 p.;c23 cm. aModern Political Theory (Page-1), Behavioral Revolution and After (Page-38), Facts Value and Theory (Page-69), Systems Theory (Page-98), Structural Functional Approach (Page-125), Power Influence Authority and Legitimacy (Page-162), Modernization and Political Development (Page-200), Epilogue (Page-240). 0amodern political9479 2ddccBKk320.01,VER c184904d184904 00102ddc4070aMCSbMCScGENd2016-12-12o320.01,VERpMCS33510r2016-12-08w2016-12-12yBKzAlmirah No.73, Shelf No.4 00102ddc4070aMCSbMCScGENd2016-12-12o320.01,VERpMCS33511r2016-12-08w2016-12-12yBKzAlmirah No.49, Shelf No.4